000 00530nam a2200181Ia 4500
008 090122s9999 xx 000 0 und d
082 _b12797
100 _aप्रधान
_bजयप्रकाश
245 _aअनोखी सफर
260 _bअनघा प्रकाशन
_c2008
300 _a256
501 _aललित वितरण
600 _aप्रधान
630 _aअनोखी सफर
700 _aप्रधान
730 _aअनोखी सफर
942 _cBOOK
999 _c36874
_d36874